Directory of special and research libraries in india (Record no. 369615)

000 -LEADER
fixed length control field 00510cam a22001217a 4500
008 - FIXED-LENGTH DATA ELEMENTS--GENERAL INFORMATION
fixed length control field 180718b1962 xxu||||| |||| 00| 0 eng d
082 ## - DEWEY DECIMAL CLASSIFICATION NUMBER
Classification number P96055x54 In2
245 ## - TITLE STATEMENT
Title Directory of special and research libraries in india
Statement of responsibility, etc. by Indian Association of Special Libraries and Information Centres, Calcutta, comp.
260 ## - PUBLICATION, DISTRIBUTION, ETC.
Place of publication, distribution, etc. Calcutta
Name of publisher, distributor, etc. Oxford Bk.
Date of publication, distribution, etc. 1962
300 ## - PHYSICAL DESCRIPTION
Extent 282p.
650 ## - SUBJECT ADDED ENTRY--TOPICAL TERM
Topical term or geographic name entry element Libraries special - India - Directories
700 ## - ADDED ENTRY--PERSONAL NAME
Personal name Indian Association of Special Libraries and Information Centres, Calcutta, comp
Holdings
Withdrawn status Lost status Damaged status Not for loan Permanent Location Current Location Date acquired Full call number Barcode Date last seen Price effective from Koha item type
        Indian Institute of Public Administration Indian Institute of Public Administration 1994-06-02 P96055x54 In2 31151 2018-07-21 2018-07-21 Book

Powered by Koha